Drei Fragezeichen - Ergänze den Titel (1-100) - Statistiken

Allgemein
  • Dieses Quiz wurde 482 mal gespielt
  • Das Durchschnittsergebnis liegt bei 67 aus 100
Antwortstatistiken
Nr. Folgentitel % Korrekt
1 und der Super-{Papagei}
97%
3 und der Karpaten{hund}
95%
64 {Geister}stadt
88%
19 und der {Teufel}sberg
87%
4 und die schwarze {Katze}
85%
10 und die flüsternde {Mumie}
83%
30 und das {Riff} der Haie
82%
99 Ruf{mord}
81%
26 und die {Silber}mine
81%
11 und das {Gespenster}schloss
80%
92 {Todes}flug
79%
14 und das {Berg}monster
79%
12 und der seltsame {Wecker}
79%
56 Angriff der {Computer}-Viren
78%
34 und der {rote} Pirat
77%
78 Das {leere} Grab
76%
54 Gefahr im {Verzug}
76%
86 Nacht in {Angst}
76%
100 {Toten}insel
76%
31 und das {Narben}gesicht
76%
8 und der {grüne} Geist
76%
20 und die flammende {Spur}
76%
24 und die silberne {Spinne}
76%
90 Der {Feuer}teufel
75%
84 Die Musik des {Teufels}
75%
70 Schüsse aus dem {Dunkel}
75%
28 und der Doppel{gänger}
75%
46 und der schrullige {Millionär}
75%
53 und die {Auto}mafia
74%
29 Die Original{musik}
73%
41 und das {Volk} der Winde
73%
6 und der {sprechende} Totenkopf
73%
9 und die rätselhaften {Bilder}
73%
25 und die singende {Schlange}
73%
91 Labyrinth der {Götter}
72%
72 Dreckiger {Deal}
71%
42 und der weinende {Sarg}
71%
87 Wolfs{gesicht}
71%
66 und die {Schatten}männer
70%
52 und die Musik{piraten}
69%
80 Geheimakte {UFO}
68%
69 {Späte} Rache
68%
23 und das {Azteken}schwert
68%
40 und der Auto{marder}
68%
21 und der {tanzende} Teufel
68%
38 und der {unsichtbare} Gegner
68%
33 und die bedrohte {Ranch}
68%
60 {Doping}mixer
67%
97 {Insekten}stachel
67%
67 und das {Geheimnis} der Särge
67%
13 und der {lachende} Schatten
67%
2 und der {Phantom}see
67%
65 Diamanten{schmuggel}
66%
5 und der Fluch des {Rubins}
66%
47 und der giftige {Gockel}
66%
55 Gekaufte {Spieler}
65%
83 {Meuterei} auf hoher See
65%
16 und der Zauber{spiegel}
65%
98 Tal des {Schreckens}
64%
44 und der {gestohlene} Preis
64%
15 und der rasende {Löwe}
64%
7 und der unheimliche {Drache}
64%
59 Giftiges {Wasser}
63%
62 Spuk im {Hotel}
63%
57 Tatort {Zirkus}
63%
68 und der Schatz im {Bergsee}
63%
36 und der Super-{Wal}
63%
79 Im Bann des {Voodoo}
62%
37 und der heimliche {Hehler}
62%
51 und der {riskante} Ritt
62%
76 {Stimmen} aus dem Nichts
61%
45 und das Gold der {Wikinger}
61%
35 und der {Höhlen}mensch
61%
27 und der magische {Kreis}
61%
39 und die {Perlen}vögel
61%
73 {Polter}geist
59%
96 und der rote {Rächer}
59%
48 und die gefährlichen {Fässer}
59%
32 und der {Ameisen}mensch
58%
18 und die Geister{insel}
58%
63 Fußball-{Gangster}
57%
74 und das {brennende} Schwert
57%
93 und das Geister{schiff}
56%
22 und der verschwundene {Schatz}
56%
81 Verdeckte {Fouls}
56%
58 und der verrückte {Maler}
55%
17 und die gefährliche {Erbschaft}
54%
88 {Vampir} im Internet
54%
95 {Botschaft} von Geisterhand
53%
82 Die {Karten} des Bösen
53%
49 und die {Comic}-Diebe
52%
75 Die Spur des {Raben}
50%
71 und die verschwundene {Seglerin}
50%
94 Das schwarze {Monster}
48%
89 {Tödliche} Spur
48%
43 und der {höllische} Werwolf
47%
50 und der verschwundene {Filmstar}
47%
77 {Pisten}teufel
46%
85 Feuer{turm}
42%
61 und die Rache des {Tigers}
42%
Keine übereinstimmenden Quizze gefunden
Verteilung der Resultate
Anzahl Personen mit jedem Resultat
Perzentil nach korrekt beantworteten Fragen
Ihre Resultats-Entwicklung
Sie haben dieses Quiz noch nicht gespielt